Datum a čas kvízu
17.5
Celkem bodů
Celkový počet nahraných bodů na tomto kvízu bez doplňovacích otázek.
4.
Pořadí na kvízu
Konečné umístění týmu na tomto kvízu.
Zaznamenané odpovědi
| # | Otázka | Odpověď | Body | Výsledky |
|---|---|---|---|---|
| 1. | Česká armáda bude mít od první... | 1 | ||
| 2. | Vévodkyně a vévoda z Cambridge... | 0.5 | ||
| 3. | Jak vznikala Charta 77 a jak s... | 0 | ||
| 4. | Ekologickou anticenu Ropák rok... | 1 | ||
| 5. | Český judista Lukáš Krpálek sl... | 0 | ||
| 6. | V každé z otázek v tomto témat... | 0 | ||
| 7. | Filmy s premiérou v roce 2014. | 0 | ||
| 8. | Osoby narozené před rokem 1918... | 1 | ||
| 9. | Živočišné druhy v Orwellově Fa... | 0 | ||
| 10. | Obrazy Leonarda da Vinciho. | 0 |